000 00311nam a2200133 i 4500
001 bg
100 1 _aKLEJA, Jacek
245 0 _aElementy podstaw teorii drgań /
_cJacek Kleja.
260 _aCzęstochowa,
_c1981.
040 _cBPK
041 _apol
942 _cKS
008 s pl f |000 0 pol
999 _c20428
_d20428
856 _uhttp://koha.tu.koszalin.pl/cgi-bin/koha/opac-detail.pl?biblionumber=20428
_yKatalog online BPK